000 01083nam0a22002531 4500
001 rc\4012819
005 20260407165500.0
021 _aRU
_b[56-62325]
035 _a(NLR Aleph) 008080848
090 _a9122580
_c9122580
100 _a20130415d1956 |||y0rusy50 ca
101 0 _arus
102 _aRU
105 _ay z |||||
200 1 _aСборник докладов
_fНауч.-исслед. ин-т педагогики М-ва просвещения Киргиз. ССР. Первое респ. совещание по политехнизации. 26-28 февр. 1955 г.
210 _aФрунзе
_cБ. и.
_d1956
215 _a243 с.
_d20
606 _aПолитехническое обучение в школе
_yКиргизская ССР
_jСборники
_2psbo
710 1 2 _aКиргизское республиканское совещание по политехнизации
_d1
_eФрунзе
_f1955
_9710336
_3RU\NLR\AUTH\8810105059
801 0 _aRU
_bNLR
_gpsbo
801 1 _aRU
_bELAR
_2rusmarc
852 _aNLR
_jПр20 Г-3/1045
942 _cBOOK
980 _aNB